000 00348nam a2200145Ia 4500
008 200103s9999||||xx |||||||||||||| ||und||
020 _a0273315064,
040 _aIMU-MPC
082 _aColumn-33
100 _aJudge, A. W.
245 0 _aAutomobile Engine Overhaul
260 _bPitman Publishing, London
_c1970
300 _avii, 256
942 _cBK
999 _c7748
_d7748